000 00957nam a2200325Ia 4500
001 Z_6006
003 CHAP
008 220113s1962 xx 000 0 und d
010 _a169218
040 _cCHAP
082 _a633.3 R63
100 _aRobinson, D. H.
_997976
245 _aLeguminosas Forrajeras /
_cD. H. Robinson; Traductor Benito Moreno García y Ma. De la Asunción Estéban Quílez
260 _aEspaña :
_bAcribia,
_c1962
300 _a141 p.
500 _aTítulo original : Leguminous forage Plants
505 _aIncluye Glosario
650 _aFisiología vegetal
_941136
650 _aLeguminosas
_965807
650 _aMedicagos
_9143677
650 _aPastos
_985986
650 _aTréboles verdaderos
_9143678
700 _aI. Moreno García, Benito, tr. II. Estéban Quílez, Ma. De la Asunción, tr.
_9143679
901 _a633.3 R63
902 _aM
910 _a1962
942 _c1
942 _cc1
999 _c169218
_d169218